[Event "6th Cattolica Open 2019"]
[Site "Cattolica"]
[Date "2019.06.10"]
[Round "4.9"]
[White "Epishin, Vladimir"]
[Black "Vignesh B"]
[Result "1/2-1/2"]
[WhiteElo "2564"]
[BlackElo "2283"]
[Annotator "ChessBase"]
[PlyCount "61"]
[EventDate "2019.06.08"]
[EventType "swiss"]
[EventCountry "ITA"]
[SourceTitle "playchess.com"]
[Source "ChessBase"]
[SourceQuality "1"]
[TimeControl "40/5400+30:900+30"]

1. Nc3 {[%emt 0:00:00]} e6 {[%emt 0:02:00]} 2. e4 {[%emt 0:01:31]} d5 {[%emt 0:00:09]} 3. Qe2 {[%emt 0:01:38]} Nf6 {[%emt 0:01:31]} 4. Nf3 {[%emt 0:03:04]} Be7 {[%emt 0:01:49]} 5. g3 {[%emt 0:01:14]} O-O {[%emt 0:02:06]} 6. Bg2 {[%emt 0:00:03]} b6 {[%emt 0:07:41]} 7. O-O {[%emt 0:03:07]} Bb7 {[%emt 0:00:35]} 8. Ne5 {[%emt 0:03:51]} dxe4 {[%emt 0:17:37]} 9. Nxe4 {[%emt 0:03:50]} Nxe4 {[%emt 0:00:07]} 10. Bxe4 {[%emt 0:00:03]} Bxe4 {[%emt 0:00:09]} 11. Qxe4 {[%emt 0:00:09]} Qd5 {[%emt 0:00:08]} 12. Re1 {[%emt 0:00:08]} Qxe4 {[%emt 0:01:18]} 13. Rxe4 {[%emt 0:00:03]} Bf6 {[%emt 0:00:19]} 14. Ng4 {[%emt 0:01:03]} Nd7 {[%emt 0:01:32]} 15. Nxf6+ {[%emt 0:01:59]} Nxf6 {[%emt 0:00:05]} 16. Rc4 {[%emt 0:00:38]} c5 {[%emt 0:01:16]} 17. d3 {[%emt 0:00:12]} Nd5 {[%emt 0:00:41]} 18. Bd2 {[%emt 0:00:56]} Rfc8 {[%emt 0:01:49]} 19. a4 {[%emt 0:00:30]} Rab8 {[%emt 0:01:45]} 20. c3 {[%emt 0:01:46]} Rd8 {[%emt 0:08:28]} 21. d4 {[%emt 0:02:39]} cxd4 {[%emt 0:01:21]} 22. Rxd4 {[%emt 0:00:04]} Ne7 {[%emt 0:03:38]} 23. Rxd8+ {[%emt 0:01:51]} Rxd8 {[%emt 0:00:04]} 24. Be1 {[%emt 0:00:01]} Nc6 {[%emt 0:02:10]} 25. Kf1 {[%emt 0:00:15]} Kf8 {[%emt 0:03:17]} 26. Ke2 {[%emt 0:02:45]} Ke7 {[%emt 0:00:09]} 27. Rc1 {[%emt 0:03:34]} Ne5 {[%emt 0:02:31]} 28. Rb1 {[%emt 0:01:15]} Nd3 {[%emt 0:00:57]} 29. b4 {[%emt 0:02:30]} e5 {[%emt 0:01:27]} 30. f3 {[%emt 0:03:16]} Nxe1 {[%emt 0:00:22]} 31. Rxe1 {[%emt 0:00:02]} 1/2-1/2

[Event "6th Cattolica Open 2019"]
[Site "Cattolica"]
[Date "2019.06.10"]
[Round "4.10"]
[White "Antolak, Julia"]
[Black "Kharitonov, Alexandr"]
[Result "0-1"]
[WhiteElo "2245"]
[BlackElo "2547"]
[Annotator "TA"]
[PlyCount "98"]
[EventDate "2019.06.08"]
[EventType "swiss"]
[EventCountry "ITA"]
[SourceTitle "playchess.com"]
[Source "ChessBase"]
[SourceQuality "1"]

{[%evp 20,113,40,56,37,43,45,50,64,0,10,-1,28,20,8,0,23,-139,-125,-134,-131,-135,-101,-109,-108,-89,-85,-93,-95,-94,-90,-74,-37,-52,-33,-29,-41,-39,-10,-39,0,-32,-28,-53,-37,-65,-55,-55,-55,-70,-60,-125,-125,-125,-125,-123,-107,-132,-125,-306,-310,-422,-424,-424,-424,-422,-405,-549,-525,-567,-552,-531,-529,-983,-668,-661,-654,-668,-667,-606,-454,-443,-443,-435,-439,-667,-652,-612,-602,-666,-645,-723,-715,-621,-602,-730]} 1. e4 e6 2. d4 d5 3. Nd2 Be7 4. Ngf3 Nf6 5. e5 Nfd7 6. Bd3 c5 7. c3 Nc6 8. O-O O-O 9. Re1 cxd4 10. cxd4 f6 11. exf6 Nxf6 {C06: French Tarrasch: 3...Nf6 4 e5 Nfd7 5 Bd3 main lines} 12. Nf1 Qb6 13. a3 (13. Re2 Kh8 14. Bb1 Bd7 15. Ng3 Bd6 16. b3 Rae8 17. Bb2 Re7 18. Ne5 Be8 {0-1 (26) Zherebukh,Y (2614)-Sadorra,J (2501) Fort Myers 2016}) 13... a5 {White is slightly better.} 14. Ng3 ({Better is} 14. h3 $14) 14... Ng4 $146 ({Predecessor:} 14... Bd7 15. Bg5 Rad8 16. Bc2 Bd6 17. Qd3 g6 18. Rad1 Bxg3 19. hxg3 Ne4 {1-0 (31) Hagarova,Z (2321)-Koval,D (2184) Presov 2000}) 15. Be3 Nxe3 16. Rxe3 Bd7 ({But not} 16... Qxb2 $2 {[#]} 17. Bxh7+ $1 {[%mdl 512]} Kxh7 18. Rb3 $18) 17. Bc2 Bf6 {[%cal Rc6d4]} 18. Ne5 $2 (18. Ba4 $11) 18... Nxe5 $17 19. dxe5 Bg5 $36 {[%mdl 2048] Black is in control.} 20. Re2 Bb5 21. Bd3 Bxd3 22. Qxd3 Rac8 23. Nf1 Rc4 24. g3 Rfc8 25. Rd1 R8c5 26. Kg2 Bc1 27. Nd2 Bxd2 $1 28. Rdxd2 Qc6 29. h4 Rc1 30. Kh2 R5c4 31. Qf3 Qe8 32. Rd3 b5 33. Red2 Qf7 34. Qxf7+ Kxf7 $15 {[%mdl 4096] Endgame KRR-KRR} 35. Re3 (35. h5 $15) 35... Kg6 $17 36. Kg2 h5 37. Rb3 Rc5 38. Re2 a4 39. Rbe3 $2 (39. Rb4 $17) 39... R5c2 $19 40. Kf3 Kf5 41. Kg2 Rxe2 42. Rxe2 {KR-KR} d4 {[#] And now ...d3 would win.} 43. Kf3 Rd1 {Black is clearly winning.} 44. Rc2 {intending Ke2.} Rd3+ 45. Ke2 Rb3 {...d3+ is the strong threat.} 46. Rc5 Rxb2+ 47. Kd3 Rxf2 48. Kxd4 {If White can now play Rc7 this consolidates a bit.} Rd2+ 49. Ke3 Rg2 {Played: Rd2-d5} 0-1

[Event "6th Cattolica Open 2019"]
[Site "Cattolica"]
[Date "2019.06.10"]
[Round "4.11"]
[White "Yankelevich, Lev"]
[Black "Le Goff, Ronan"]
[Result "0-1"]
[WhiteElo "2484"]
[BlackElo "2229"]
[Annotator "ChessBase"]
[PlyCount "76"]
[EventDate "2019.06.08"]
[EventType "swiss"]
[EventCountry "ITA"]
[SourceTitle "playchess.com"]
[Source "ChessBase"]
[SourceQuality "1"]
[TimeControl "40/5400+30:900+30"]

1. e4 {[%emt 0:00:00]} e5 {[%emt 0:00:00]} 2. Nf3 {[%emt 0:00:00]} Nc6 {[%emt 0:00:00]} 3. Bb5 {[%emt 0:00:00]} a6 {[%emt 0:00:00]} 4. Ba4 {[%emt 0:00:01]} d6 {[%emt 0:00:06]} 5. O-O {[%emt 0:00:14]} Bd7 {[%emt 0:00:49]} 6. d4 {[%emt 0:00:28]} Nf6 {[%emt 0:02:13]} 7. Re1 {[%emt 0:23:36]} Be7 {[%emt 0:02:43]} 8. d5 {[%emt 0:01:08]} Nb8 {[%emt 0:00:33]} 9. c4 {[%emt 0:00:35]} O-O {[%emt 0:04:06]} 10. c5 {[%emt 0:06:34]} Bg4 {[%emt 0:06:00]} 11. c6 {[%emt 0:03:24]} bxc6 {[%emt 0:01:22]} 12. dxc6 {[%emt 0:00:04]} a5 {[%emt 0:18:41]} 13. h3 {[%emt 0:05:33]} Bh5 {[%emt 0:05:08]} 14. Nc3 {[%emt 0:00:39]} Na6 {[%emt 0:00:37]} 15. Be3 {[%emt 0:04:31]} Bg6 {[%emt 0:02:41]} 16. Bg5 {[%emt 0:02:07]} Nc5 {[%emt 0:03:07]} 17. Bxf6 {[%emt 0:00:17]} Bxf6 {[%emt 0:00:32]} 18. a3 {[%emt 0:01:17]} Rb8 {[%emt 0:04:02]} 19. Ra2 {[%emt 0:06:04]} d5 {[%emt 0:06:56]} 20. exd5 {[%emt 0:22:35]} e4 {[%emt 0:02:11]} 21. Nh2 {[%emt 0:00:54]} Rxb2 {[%emt 0:04:36]} 22. Rxb2 {[%emt 0:00:45]} Bxc3 {[%emt 0:00:08]} 23. Rbe2 {[%emt 0:01:34]} Bxe1 {[%emt 0:01:29]} 24. Rxe1 {[%emt 0:00:05]} Nd3 {[%emt 0:01:02]} 25. Rf1 {[%emt 0:00:53]} Qxd5 {[%emt 0:00:34]} 26. Qg4 {[%emt 0:01:08]} Qc4 {[%emt 0:01:27]} 27. Qd1 {[%emt 0:01:01]} Nb2 {[%emt 0:02:23]} 28. Bb3 {[%emt 0:00:06]} Qxc6 {[%emt 0:00:29]} 29. Qd2 {[%emt 0:00:18]} Nd3 {[%emt 0:01:48]} 30. Qxa5 {[%emt 0:00:32]} Ra8 {[%emt 0:01:58]} 31. Qg5 {[%emt 0:00:07]} h6 {[%emt 0:03:10]} 32. Qg4 {[%emt 0:00:49]} Kh7 {[%emt 0:05:01]} 33. a4 {[%emt 0:02:44]} Rb8 {[%emt 0:03:52]} 34. Qd1 {[%emt 0:02:19]} Qc3 {[%emt 0:01:22]} 35. Ba2 {[%emt 0:00:57]} Rb2 {[%emt 0:01:51]} 36. Qa1 {[%emt 0:00:02]} Qd2 {[%emt 0:01:38]} 37. Bxf7 {[%emt 0:01:52]} Bxf7 {[%emt 0:00:20]} 38. Ng4 {[%emt 0:00:04]} h5 {[%emt 0:01:31]} 0-1

[Event "6th Cattolica Open 2019"]
[Site "Cattolica"]
[Date "2019.06.11"]
[Round "5.1"]
[White "Barseghyan, Harutyun"]
[Black "Dreev, Aleksey"]
[Result "1/2-1/2"]
[WhiteElo "2495"]
[BlackElo "2657"]
[Annotator "TA"]
[PlyCount "43"]
[EventDate "2019.06.08"]
[EventType "swiss"]
[EventCountry "ITA"]
[SourceTitle "playchess.com"]
[Source "ChessBase"]
[SourceQuality "1"]

{[%evp 17,43,24,33,14,21,21,44,18,22,22,22,21,18,20,20,19,25,25,25,25,36,0,0,0,28,22,24,21]} 1. d4 d5 2. c4 c6 3. cxd5 cxd5 4. Nf3 Nf6 5. Nc3 Nc6 6. Bf4 e6 7. e3 Bd6 8. Bg3 Bxg3 9. hxg3 Qd6 10. Rc1 {D13: Slav Defence: Exchange variation without ...Bf5} Bd7 11. Bd3 h6 12. a3 {White is slightly better.} O-O 13. O-O Rac8 14. Qe2 Rfd8 15. Rc2 {[#]} a6 $146 ({Predecessor:} 15... Qb8 16. Rfc1 Ne8 17. b4 Nd6 {0-1 (73) Radjabov,T (2713)-Kamsky,G (2721) Beijing 2013}) 16. Rfc1 e5 17. Nxe5 Nxe5 18. dxe5 Qxe5 19. Nb1 Rxc2 20. Rxc2 Rc8 21. Rxc8+ Bxc8 22. Qc2 {Accuracy: White = 61%, Black = 60%.} 1/2-1/2

[Event "6th Cattolica Open 2019"]
[Site "Cattolica"]
[Date "2019.06.11"]
[Round "5.2"]
[White "Rychagov, Andrey"]
[Black "Basso, Pier Luigi"]
[Result "1/2-1/2"]
[WhiteElo "2520"]
[BlackElo "2539"]
[Annotator "TA"]
[PlyCount "19"]
[EventDate "2019.06.08"]
[EventType "swiss"]
[EventCountry "ITA"]
[SourceTitle "playchess.com"]
[Source "ChessBase"]
[SourceQuality "1"]

{[%evp 18,19,15,0]} 1. d4 d5 2. c4 c6 3. cxd5 cxd5 4. Nc3 Nf6 5. Nf3 Nc6 6. Bf4 Nh5 $146 ({Predecessor:} 6... Bf5 7. e3 e6 8. Bd3 Bxd3 9. Qxd3 Bd6 10. Bxd6 Qxd6 11. O-O O-O {½-½ (11) Dreev,A (2670)-Mamedyarov,S (2817) St Petersburg 2018}) 7. Bd2 Nf6 8. Bf4 Nh5 9. Bd2 Nf6 10. Bf4 1/2-1/2

[Event "6th Cattolica Open 2019"]
[Site "Cattolica"]
[Date "2019.06.11"]
[Round "5.3"]
[White "Martinez Alcantara, Jose Eduardo"]
[Black "Sonis, Francesco"]
[Result "1/2-1/2"]
[WhiteElo "2583"]
[BlackElo "2494"]
[Annotator "TA"]
[PlyCount "56"]
[EventDate "2019.06.08"]
[EventType "swiss"]
[EventCountry "ITA"]
[SourceTitle "playchess.com"]
[Source "ChessBase"]
[SourceQuality "1"]

{[%evp 9,56,16,27,19,32,13,63,67,70,15,34,26,33,32,28,33,40,33,46,12,37,0,0,0,0,0,15,0,15,5,3,3,3,3,8,0,9,9,10,11,10,10,10,15,13,0,0,0,0]} 1. e4 e5 2. Nf3 Nc6 3. Bc4 Bc5 4. c3 Nf6 5. d3 a6 6. h3 {C54: Giuoco Piano: 4 c3 Nf6, main lines with 5 d4 and 5 d3} h6 7. Nbd2 d5 $146 ({Predecessor:} 7... d6 8. Bb3 Be6 9. Bc2 Ba7 10. Nf1 d5 11. exd5 Nxd5 12. Ng3 Qd7 13. O-O {0-1 (36) Le,Q (2714)-Bersamina,P (2444) Makati 2018}) 8. exd5 {White is slightly better.} Nxd5 9. Ne4 (9. O-O $14) 9... Be7 10. a4 ({Don't play} 10. Qb3 Be6 $15) 10... Be6 11. O-O O-O 12. Re1 Qd7 13. Ng3 Bd6 14. a5 Nf6 15. Qb3 Bxc4 {The position is equal.} 16. Qxc4 Rfe8 17. Ne4 {With the idea Nxf6+.} Qe6 18. b4 Bf8 19. Qxe6 Rxe6 20. Nxf6+ gxf6 21. Be3 Rd8 22. Rad1 Red6 23. d4 f5 24. Rb1 exd4 25. Nxd4 Nxd4 26. Bxd4 Bg7 27. Bxg7 Kxg7 28. Ra1 Re6 {Accuracy: White = 43%, Black = 46%.} 1/2-1/2

[Event "6th Cattolica Open 2019"]
[Site "Cattolica"]
[Date "2019.06.11"]
[Round "5.4"]
[White "Arjun Kalyan"]
[Black "Mareco, Sandro"]
[Result "1/2-1/2"]
[WhiteElo "2484"]
[BlackElo "2643"]
[Annotator "TA"]
[PlyCount "42"]
[EventDate "2019.06.08"]
[EventType "swiss"]
[EventCountry "ITA"]
[SourceTitle "playchess.com"]
[Source "ChessBase"]
[SourceQuality "1"]

{[%evp 19,42,-24,13,10,10,10,10,9,9,23,10,10,19,11,33,25,31,18,21,24,26,26,32,31,40]} 1. e4 d6 2. d4 Nf6 3. Nc3 g6 4. f4 Bg7 5. Nf3 c5 6. Bb5+ Bd7 7. e5 Ng4 8. d5 dxe5 9. h3 e4 10. Bxd7+ Qxd7 11. hxg4 {B09: Pirc Defence: Austrian Attack} (11. Nxe4 Nf6 12. Nxf6+ Bxf6 13. O-O O-O 14. c4 e6 15. Be3 exd5 16. cxd5 Rd8 17. Qc2 Na6 18. Rad1 Nb4 19. Qxc5 Nxd5 20. Bd4 Rac8 21. Qa3 Qf5 22. Bxf6 Qxf6 23. Qxa7 Nxf4 24. Rxd8+ Rxd8 {½-½ (51) Mamedov,R (2704)-Carlsen,M (2843) Shamkir 2018}) 11... exf3 12. Qxf3 Na6 13. Bd2 {The position is equal.} O-O-O 14. O-O-O Nc7 15. Be1 Bd4 {[%cal Rc7d5]} 16. Bf2 Bxf2 17. Qxf2 Qxg4 $146 ({Predecessor:} 17... b6 18. Qf3 Kb8 {½-½ (46) Huschenbeth,N (2513)-Donchenko,A (2281) Nuremberg 2011}) 18. Rh4 Qd7 19. Qxc5 Kb8 20. Rh3 h5 21. Rhd3 Qf5 {Accuracy: White = 97%, Black = 79%.} 1/2-1/2

[Event "6th Cattolica Open 2019"]
[Site "Cattolica"]
[Date "2019.06.11"]
[Round "5.5"]
[White "Fedorchuk, Sergey A."]
[Black "Ankit, R. Rajpara"]
[Result "1-0"]
[WhiteElo "2631"]
[BlackElo "2447"]
[Annotator "TA"]
[PlyCount "113"]
[EventDate "2019.06.08"]
[EventType "swiss"]
[EventCountry "ITA"]
[SourceTitle "playchess.com"]
[Source "ChessBase"]
[SourceQuality "1"]

{[%evp 21,113,1,8,11,26,27,33,9,58,45,63,62,66,52,52,52,51,61,62,62,62,62,62,63,63,51,57,55,58,47,54,54,58,58,65,63,59,54,74,62,72,61,61,69,61,62,68,67,70,57,58,58,51,21,27,16,273,279,268,283,326,366,364,326,297,195,487,431,434,429,1562,409,382,358,428,395,378,148,385,382,346,304,401,400,331,298,658,330,658,533,535,509,658,437]} 1. e4 c6 2. d4 d5 3. Nd2 dxe4 4. Nxe4 Bf5 5. Ng3 Bg6 6. Nh3 e6 7. Nf4 Bd6 8. c3 Nf6 9. Qf3 Nbd7 10. Bc4 Qc7 11. Nxg6 hxg6 12. Bg5 {B18: Classical Caro-Kann: 4...Bf5 sidelines} O-O-O (12... Qa5 13. Be3 Nb6 14. Bd3 Qd5 15. Ne4 Nxe4 16. Bxe4 Qh5 17. Rd1 Nd5 18. Bc1 b5 19. g3 Qxf3 20. Bxf3 {½-½ (31) Godena,M (2509)-Shengelia,D (2573) Zillertal 2015}) 13. O-O-O Qa5 $146 ({Predecessor:} 13... Rde8 14. Bb3 Kb8 15. Kb1 Ka8 16. h4 Qa5 17. Rhe1 Rhf8 18. Bd2 a6 19. Bc2 Qb6 {0-1 (47) Hendriks,R (2123)-Clemens,A (2213) Hoogeveen 2012}) 14. h4 {White is slightly better.} Rdf8 15. Rhe1 Qc7 16. Ne4 Nxe4 17. Rxe4 Nb6 18. Bb3 Be7 19. Bf4 Bd6 20. Bd2 Nd5 21. g3 Nf6 22. Re2 Qa5 23. Rde1 Qf5 24. Qg2 {[%cal Re2e6]} Qa5 25. Kb1 Qc7 26. Qf3 Qa5 27. Ka1 Qc7 28. a3 Kb8 29. Rd1 Ka8 30. c4 c5 31. dxc5 Bxc5 32. Bc3 Rd8 33. Red2 Rxd2 34. Rxd2 Rd8 35. Be5 Qc8 36. Rxd8 Qxd8 37. g4 Qd2 $1 {[%cal Rd2e1] Threatens to win with ...Qe1+.} 38. Ka2 $40 {[%mdl 128] aiming for g5. White has some attack.} Bd4 $2 {[%mdl 8192]} (38... a6 $1 $11) 39. Bxd4 $18 {[%mdl 64] [#] Overworked Piece} Qxd4 40. g5 Ne4 41. Qxf7 {[%mdl 64] Intending Qg8+ and mate. Double Attack} a6 42. Qxe6 Nxf2 {White must now prevent ...Nd3.} 43. Bc2 Qxh4 $2 (43... Nd3 {might work better.} 44. Bxd3 Qxd3) 44. c5 Qd4 45. c6 Kb8 {[#]} (45... bxc6 $142 46. Qxc6+ Ka7 47. Qc7+ (47. Bxg6 Nd3 $16) 47... Ka8 48. Qc6+ (48. Bxg6 Nd3 $16) 48... Ka7 49. Qc7+ (49. Bxg6 Nd3 $16) 49... Ka8) 46. cxb7 (46. Qb3 $142 $1 {[%csl Gc6][%cal Rb3b7][%mdl 512]} b5 47. Qg3+ Kc8 48. Bb3) 46... Kxb7 47. Qxg6 a5 48. Qf5 Kb6 49. Qf7 $2 (49. Qe6+ $18 {has better winning chances.} Ka7 50. Qf5) 49... a4 $2 (49... Ne4 $16 50. Qe6+ Nd6) 50. Bxa4 Nd3 {[%csl Gd3][%cal Rd4b2]} 51. Qb3+ Ka7 {...Nc1+ is the strong threat.} 52. Qc2 Nc5 53. Bb3 Qe3 $2 (53... Nxb3 54. Qxb3 Ka6) 54. g6 Kb6 $2 (54... Nxb3 55. Qc7+ Ka6) 55. Bc4 {White is clearly winning.} Qd4 56. Bf7 Ne4 57. Qc4 {Accuracy: White = 54%, Black = 35%.} 1-0

[Event "6th Cattolica Open 2019"]
[Site "Cattolica"]
[Date "2019.06.11"]
[Round "5.6"]
[White "Le Goff, Ronan"]
[Black "Vovk, Yuri"]
[Result "1/2-1/2"]
[WhiteElo "2229"]
[BlackElo "2586"]
[Annotator "TA"]
[PlyCount "45"]
[EventDate "2019.06.08"]
[EventType "swiss"]
[EventCountry "ITA"]
[SourceTitle "playchess.com"]
[Source "ChessBase"]
[SourceQuality "1"]

{[%evp 9,45,24,82,25,41,41,37,8,8,22,101,101,120,113,119,126,138,118,153,143,158,93,206,211,329,327,330,324,336,344,331,325,303,169,171,0,311,0]} 1. d4 f5 2. Bf4 Nf6 3. e3 d6 (3... e6 4. Nf3 Be7 5. h3 O-O 6. c4 d6 7. Nc3 Qe8 8. Be2 Nc6 9. Bh2 Bd7 10. a3 Qg6 11. Nh4 Qh6 12. Nf3 Qg6 13. Rg1 Ne4 {1-0 (59) Sjugirov,S (2663)-Amin,B (2710) St Petersburg 2018}) 4. c4 g6 5. h4 c6 (5... Bg7 $11) 6. Nc3 {A80: Dutch Defence: Unusual White second moves} ({White should try} 6. h5 $16) 6... Qa5 7. Nf3 $146 ({Predecessor:} 7. h5 Nxh5 8. Rxh5 gxh5 9. Qxh5+ Kd8 10. Qf7 Bd7 11. c5 {1-0 (24) Birens,E-Bonnafous,M (2140) Hyeres 1992}) 7... Nbd7 {[%cal Bb8d7,Bd7f6,Bf6d5][%mdl 32]} 8. Be2 {White is slightly better.} e5 9. Bh2 Ne4 (9... Ng4 $11 {remains equal.}) 10. O-O $16 Nxc3 11. bxc3 e4 12. Ng5 Nf6 13. c5 $1 h6 14. Nh3 Nd5 15. Bc4 ({Better is} 15. cxd6 {aiming for Be5.} Nxc3 16. Qc2) 15... Be6 (15... Nxc3 $16 {is a better defense.} 16. Qd2 Qb4) 16. Qb3 (16. cxd6 Nxe3 17. d7+ Ke7 $11) 16... b5 {[#]} (16... Rh7 {was called for.} 17. Nf4 (17. cxd6 b5 $14) (17. Bxd6 Bxd6 18. cxd6 O-O-O $14) 17... Nxf4 18. Bxe6 Ne2+ 19. Kh1 dxc5) 17. Nf4 $1 $18 {[%cal Rf4e6]} bxc4 18. Qb7 {[%mdl 64] Double Attack} Qd8 {White must now prevent ...Nxf4.} 19. Nxe6 ({Less strong is} 19. Qxc6+ Kf7 $16) 19... Qc8 20. Ng7+ Kd8 21. Ne6+ (21. Qf7 $142 Bxg7 22. Qxg7) 21... Ke8 22. Ng7+ (22. Rfb1 $142 Qxb7 23. Rxb7 dxc5 24. dxc5) 22... Kd8 {[#]} 23. Ne6+ $2 {Accuracy: White = 65%, Black = 45%.} (23. Qf7 $1 $18 Bxg7 24. Qxg7) 1/2-1/2

[Event "6th Cattolica Open 2019"]
[Site "Cattolica"]
[Date "2019.06.11"]
[Round "5.7"]
[White "Kharitonov, Alexandr"]
[Black "Repka, Christopher"]
[Result "1/2-1/2"]
[WhiteElo "2547"]
[BlackElo "2482"]
[Annotator "TA"]
[PlyCount "48"]
[EventDate "2019.06.08"]
[EventType "swiss"]
[EventCountry "ITA"]
[SourceTitle "playchess.com"]
[Source "ChessBase"]
[SourceQuality "1"]

{[%evp 31,42,9,4,-4,0,0,0,0,0,0,0,0,0]} 1. d4 d5 2. c4 c6 3. cxd5 cxd5 4. Nf3 Bf5 5. Nc3 Nc6 6. Bf4 Nf6 7. e3 e6 8. Bd3 Bxd3 9. Qxd3 Bd6 10. Bxd6 Qxd6 11. O-O O-O 12. Rfc1 Rfc8 13. h3 h6 14. a3 a6 15. Rc2 Rc7 16. Rac1 Rac8 {The position is equal.} 17. Nb1 {D14: Slav Defence: Exchange variation with ...Bf5} (17. Nd2 Na5 18. Ne2 Rxc2 19. Rxc2 Rxc2 20. Qxc2 Qc6 21. Qxc6 Nxc6 22. Nc3 Kf8 23. Kf1 Ke7 24. Ke2 Kd6 {½-½ (42) Dreev,A (2667)-Mamedyarov,S (2743) Dubai 2014}) 17... Nb8 18. Rxc7 Rxc7 19. Rxc7 Qxc7 20. Qc3 Qxc3 21. Nxc3 Nc6 {Predecessor:} 22. Kf1 $146 Kf8 23. Ke2 Ke7 24. Kd3 Kd6 {½-½ (48) Iliaguev,N (2360)-Erenberg,A (2409) Israel 2019} 1/2-1/2

[Event "6th Cattolica Open 2019"]
[Site "Cattolica"]
[Date "2019.06.11"]
[Round "5.8"]
[White "Kjartansson, Gudmundur"]
[Black "Can, Isik"]
[Result "1-0"]
[WhiteElo "2459"]
[BlackElo "2379"]
[Annotator "TA"]
[PlyCount "81"]
[EventDate "2019.06.08"]
[EventType "swiss"]
[EventCountry "ITA"]
[SourceTitle "playchess.com"]
[Source "ChessBase"]
[SourceQuality "1"]

{[%evp 10,81,25,21,24,18,19,20,27,29,29,21,28,20,33,27,64,62,70,44,66,41,110,79,85,0,0,0,0,0,0,0,0,-64,0,-41,-58,-36,0,0,0,0,0,-2,0,0,57,58,54,50,23,38,43,0,0,0,527,519,504,495,604,603,870,814,797,609,2205,2056,1822,1741,982,861,683,629]} 1. c4 c6 2. Nf3 Nf6 3. g3 d5 4. Bg2 Bf5 5. Qb3 Qb6 6. d3 e6 {A11: English Opening: 1...c6} 7. Nh4 (7. Be3 Qxb3 8. axb3 a6 9. Bd2 Nbd7 10. Bc3 Be7 11. Nbd2 c5 12. Ne5 d4 13. Nxd7 Nxd7 14. Ba5 {1-0 (45) Giri,A (2783)-Aronian,L (2765) St Petersburg 2018}) 7... Bg4 8. h3 Bh5 {The position is equal.} 9. Be3 Qxb3 10. axb3 Na6 11. g4 Bg6 12. O-O $146 ({Predecessor:} 12. Nc3 Nd7 13. Nxg6 hxg6 14. d4 {½-½ (27) Hodgson,J (2590)-Zlochevskij,A (2465) Amantea 1995}) 12... Bc5 13. Bxc5 Nxc5 14. Nd2 O-O 15. Ra3 e5 ({Black should try} 15... Ncd7 $14) 16. Rfa1 a6 17. f4 (17. Nxg6 $16 hxg6 18. g5) 17... exf4 $11 18. g5 Nh5 19. cxd5 cxd5 20. Nxg6 hxg6 21. Bxd5 (21. b4 $1 $11 Ne6 22. Bxd5) 21... Rae8 (21... Rad8 $15 22. Bf3 Ng3) 22. Kf2 (22. b4 $5 {[%cal Rb4c5]} Ne6 23. Bxb7 $11) 22... Ng3 23. Re1 Rd8 (23... Re5 $5 {[%cal Re5d5]} 24. Bf3 Re7 $17) 24. Bc4 $1 Rfe8 25. b4 Ne6 26. Nf3 Nf5 27. b5 Ned4 ({Black should play} 27... axb5 $11 28. Bxe6 Rxe6) 28. Nxd4 Nxd4 29. bxa6 b5 $1 {[%cal Rb5c4]} 30. Ba2 $1 {Hoping for a7.} Nc2 {[%mdl 64] [#] aiming for ...f3. Double Attack} 31. Ra5 {Rc1 is the strong threat.} Nxe1 32. Kxe1 Rxd3 $2 {[%mdl 12288] Endgame KRR-KRB} (32... Rd6 $1 $11) 33. a7 $18 {White is clearly winning.} Rdd8 {intending ...f3.} 34. Rxb5 f3 35. Bd5 fxe2 {[#] Strongly threatening ...Rc8.} 36. Ra5 Rc8 37. Ra1 Re5 38. a8=Q Rxa8 39. Rxa8+ Kh7 40. Bxf7 {Threatens to win with Ra4.} Rxg5 41. b4 {Accuracy: White = 64%, Black = 41%.} 1-0

[Event "6th Cattolica Open 2019"]
[Site "Cattolica"]
[Date "2019.06.11"]
[Round "5.9"]
[White "Lumachi, Gabriele"]
[Black "Epishin, Vladimir"]
[Result "1/2-1/2"]
[WhiteElo "2286"]
[BlackElo "2564"]
[Annotator "TA"]
[PlyCount "58"]
[EventDate "2019.06.08"]
[EventType "swiss"]
[EventCountry "ITA"]
[SourceTitle "playchess.com"]
[Source "ChessBase"]
[SourceQuality "1"]

{[%evp 9,58,35,41,51,65,51,56,59,64,64,56,41,41,0,-7,-4,0,0,0,0,0,4,59,0,0,0,13,10,16,10,6,0,9,20,23,0,28,0,0,-63,26,32,24,8,12,17,20,10,16,14,14]} 1. e4 g6 2. d4 Bg7 3. Nc3 d6 4. Nf3 Bg4 5. Be2 Nd7 6. O-O {B06: Modern Defence} (6. Be3 Bxf3 7. Bxf3 e5 8. O-O Ne7 9. Qd2 O-O 10. Rad1 Kh8 11. Rfe1 f6 12. b3 a6 13. a4 Qe8 {½-½ (35) Raetsky,A (2425)-Megaranto,S (2544) Biel 2011}) 6... e6 7. Be3 Ne7 8. h3 {White is slightly better.} Bxf3 $1 9. Bxf3 O-O 10. Qe2 $146 ({Predecessor:} 10. Qd2 f5 11. g3 e5 12. exf5 Nxf5 13. dxe5 Nxe5 14. Bxb7 {1-0 (30) Vogel,H (1382)-Tittarelli,A (1027) LSS email 2013}) 10... e5 11. dxe5 Nxe5 12. Rad1 Qd7 13. Bg4 f5 14. exf5 gxf5 15. Bf3 Rae8 (15... c6 $11) 16. Bd5+ ({Don't play} 16. Bxa7 Nxf3+ 17. Qxf3 b6 $11) (16. Bh5 $14) 16... Nxd5 $11 17. Nxd5 Ng6 18. Qc4 {[#] Black must now prevent Nf6+.} Rf7 {White should prevent ...c6.} 19. Qb3 c6 20. Nf4 Nxf4 21. Bxf4 d5 22. Qg3 Re4 23. f3 Re2 24. Rfe1 (24. Rd2 $11 Re6 25. Re1) 24... Rfe7 (24... Rxc2 $15 25. Re5 Rf6) 25. Rxe2 Rxe2 26. Bh6 Kf8 {The position is equal.} 27. Kf1 Re8 28. Bxg7+ Qxg7 29. Qxg7+ Kxg7 {Accuracy: White = 57%, Black = 40%.} 1/2-1/2